000 00687nam a2200217Ii 4500
001 16434
003 CO-ViMGA
008 241108s9999||||xx |||||||||||||| ||und||
020 _a9789588596167
040 _aCO-ViMGA
_bspa
_erda
_cCO-ViMGA
041 0 _aunk
082 0 4 _aCo861.5 O76e
100 1 _aAmparo Osorio
_953460
245 1 0 _aEstación profética :
_bantología personal
264 1 _a[Lugar de publicación no identificado] : Caza de Libros, [Fecha de publicación no identificada]
300 _avolumen
336 _atext
_btxt
_2rdacontent
337 _aunmediated
_bn
_2rdamedia
338 _avolume
_bnc
_2rdacarrier
940 _aidficha_siabuc: 16103. -- ficha_no_siabuc:16434
999 _c50099
_d50099